Gulhaye-e-Jaafri (Record no. 421814)

MARC details
000 -LEADER
fixed length control field 00673nam a2200241Ia 4500
003 - CONTROL NUMBER IDENTIFIER
control field OSt
005 - DATE AND TIME OF LATEST TRANSACTION
control field 20220924125127.0
008 - FIXED-LENGTH DATA ELEMENTS--GENERAL INFORMATION
fixed length control field 220923b |||||||| |||| 00| 0 urd d
037 ## - SOURCE OF ACQUISITION
Terms of availability Textual
040 ## - CATALOGING SOURCE
Original cataloging agency ARTS
Transcribing agency ARTS
Language of cataloging urd
041 ## - LANGUAGE CODE
Source of code urd
Language code of text/sound track or separate title urd
100 ## - MAIN ENTRY--PERSONAL NAME
Personal name Jaafri Jaafar Raza
9 (RLIN) 197603
245 #0 - TITLE STATEMENT
Title Gulhaye-e-Jaafri
260 ## - PUBLICATION, DISTRIBUTION, ETC.
Place of publication, distribution, etc. Peshvar
Name of publisher, distributor, etc. Zulfiqar Pakistan
Date of publication, distribution, etc. 1981
650 ## - SUBJECT ADDED ENTRY--TOPICAL TERM
Topical term or geographic name entry element URDU POETRY
700 ## - ADDED ENTRY--PERSONAL NAME
Personal name Hamdani Raza Ed.
9 (RLIN) 197604
942 ## - ADDED ENTRY ELEMENTS (KOHA)
Classification part O168,1NJAx, M1
Koha item type Textual
Source of classification or shelving scheme Colon Classification (CC)
Holdings
Withdrawn status Lost status Damaged status Not for loan Home library Current library Date acquired Total Checkouts Full call number Barcode Date last seen Price effective from Koha item type
        Arts Library Arts Library 2022-09-24   O168,1NJAx M1 AL1063415 2022-09-24 2022-09-24 Textual
Copyright @ Delhi University Library System